000 01500nam a2200337 a 4500
001 BRCA_3286
005 20190320204214.0
008 130309m18641867enka---###---#000-0#eng-#
041 _aeng
044 _aenk
084 _a588
_b.C37
_c1864
100 1 _aCervantes Saavedra, Miguel de
_d1547-1616
_9213
245 1 0 _aThe History of Don Quixote
_cBy Cervantes.
260 _aLondres : París : Melbourne
_bCassel and Co.
_c1864-1867
300 _a1 v. en 2 partes (xxviii, 855 p.)
_bil.
_c31 cm.
500 _aContenido : Primera parte. Noticia biográfica sobre Cervantes. Prólogo del autor. Segunda parte. Prólogo del autor
500 _aEdición : The Text Edited by J. W. Clark and a Biographical Notice of Cervantes by T. Teignmouth Short. Illustrated by Gustave Doré
500 _aEjemplar por completo igual al anterior [587]. Semipiel; lomo y planos decorados con dorados. Corte dorado también Lúdovik Osterc
500 _aQM959
546 _aTexto en : inglés
650 1 4 _aNovela española
_yÉpoca clásica, 1500-1700
_9215
650 1 4 _aLiteratura española
_yÉpoca clásica, 1500-1700
_9216
650 1 4 _aNovela española
_ySiglo XVII
_9217
650 1 4 _aDon Quijote (Personaje ficticio)
_eNovela
_9218
700 1 _aClark, J. W.
_eEditor
_98709
700 1 _aTeignmouth Shore, Thomas
_d1841-1911
_eEditor
_98710
700 1 _aDoré, Paul Gustave
_d1832-1883
_eIlustrador
_98711
740 0 _aEl Ingenioso Hidalgo Don Quijote de la Mancha
902 _aQFM
942 _2lcc
_cB
999 _c3022
_d3022